Normal view MARC view
  • Kemmerly, Jack E.

Entry Personal Name

Number of records used in: 3

001 - CONTROL NUMBER

  • control field: 2077

003 - CONTROL NUMBER IDENTIFIER

  • control field: NUST

005 - DATE AND TIME OF LATEST TRANSACTION

  • control field: 20170606124221.0

008 - FIXED-LENGTH DATA ELEMENTS

  • fixed length control field: 170606|| aca||aabn | a|a d

040 ## - CATALOGING SOURCE

  • Original cataloging agency: NUST
  • Transcribing agency: NUST

100 ## - HEADING--PERSONAL NAME

  • Personal name: Kemmerly, Jack E.
  • Fuller form of name: (Jack Ellsworth),
  • Dates associated with a name: 1924-

670 ## - SOURCE DATA FOUND

  • Source citation: Work cat.: (NUST)23718: William Hayt,Jr, Jack E. Kemmerly 2074, Engineering circuit analysis , c.1978
© 2023 Central Library, National University of Sciences and Technology. All Rights Reserved.